Dick Connor remembered /

Bibliographic Details
Main Author: Connor, Dick
Other Authors: Connor, Mary Kay
Format: Book
Language:English
Published: Golden, Colo. : Fulcrum Pub., [1995]
Subjects:

MARC

Tag First Indicator Second Indicator Subfields
LEADER 00000cam a2200000 a 4500
001 in00001237348
005 20151003062414.0
008 940912s1995 coua 000 0aeng
010 |a  94037940  
020 |a 1555912168 
035 |a (OCoLC)31206714 
035 |9 AGS7651AM 
040 |a DLC  |c DLC  |d UtOrBLW 
043 |a n-us--- 
049 |a TXAM 
050 0 0 |a GV742.42.C65  |b A3 1995 
082 0 0 |a 070.4/49796/092  |a B  |2 20 
100 1 |a Connor, Dick. 
245 1 0 |a Dick Connor remembered /  |c compiled and edited by Mary Kay Connor. 
264 1 |a Golden, Colo. :  |b Fulcrum Pub.,  |c [1995] 
264 4 |c ©1995 
300 |a xi, 275 pages :  |b illustrations ;  |c 24 cm. 
336 |a text  |b txt  |2 rdacontent 
337 |a unmediated  |b n  |2 rdamedia 
338 |a volume  |b nc  |2 rdacarrier 
600 1 0 |a Connor, Dick. 
650 0 |a Sportswriters  |z United States  |v Biography. 
650 0 |a Newspapers  |x Sections, columns, etc.  |x Sports. 
700 1 |a Connor, Mary Kay. 
999 |a MARS 
999 f f |s 9d09d7a8-c4e3-3b5a-9999-21ed86eb534b  |i 29740ed0-3706-3515-932b-117322457e0a  |t 0 
952 f f |p ric  |a Texas A&M University  |b Rellis Campus  |c Joint Library Facility  |d Remote Storage  |t 0  |e GV742.42.C65 A3 1995  |h Library of Congress classification  |i unmediated -- volume  |m A14819283905 
998 f f |a GV742.42.C65 A3 1995  |t 0  |l Remote Storage